Регионална библиотека "Любен Каравелов" - Русе

Свобода и независимост (Запис номер 110824)

MARC детайли
000 -Лидер
Лидер 01767nam a2200325 a 4500
003 - Код на организацията, давaща контролен номер
Код на организацията, даваща контролен номер BLK
005 - Дата и час на последна редакция
Дата и час на последна редакция 20240620005257.0
008 - Елементи от данни с фиксирана дължина
Елементи с фиксирана дължина 180409b bul|||||r ||||||| ||bul||
020 ## - Международен стандартен номер на книга ISBN
ISBN 954-739-407-Х
040 ## - Източник на каталожния запис
Код на библиотеката BLK
041 ## - Код за език
Език Български
Език за КДБФ Български
080 ## - УДК
УДК текст Българска литература
УДК код 821.163.2
УДК – определител -4
УДК – код + определител 821.163.2-4
084 ## - Класификационен индекс по друга класификация
Авторски знак Карав - К 29
100 ## - Редна дума - Автор
Автор Каравелов, Любен Стойчев
Години, свързани с автора 1834-1879
Биография на автора Писател, публицист, фолклорист, революционер
R(LIN) 431119
245 10 - Сведения за заглавието
Заглавие Свобода и независимост
Подзаглавни данни Публицистика
Авторска отговорност Любен Каравелов; състав. Милен Куманов; под общ. ред. на Иван Гранитски, Панко Анчев.
257 ## - Страна на издаване
Страна на създаване/издаване България
260 ## - Област на издателските данни
Място на издаване София
Име на издателя Захарий Стоянов
Година на издаване 2003
Печатница София : Образование и наука
300 ## - Физическа характеристика
Брой страници 595 с.
Размер 20 см
380 ## - Жанр
Жанр Худож. лит.
490 ## - СЕРИИ (Колекции)
Серия Поредица Българска класика
Номер в серията 46
9 (RLIN) 201304
653 ## - Ключова дума – ненормативна
Ключови думи публицистика
700 1# - Други автори (авторска отговорност)
Друг автор Куманов, Милен Костадинов
9 (RLIN) 364365
700 1# - Други автори (авторска отговорност)
Друг автор Анчев, Панко Кирилов
Дати, свързани с автора 1946 -
Друга информация Литературовед, историк, философ, публицист.
9 (RLIN) 32971
700 1# - Други автори (авторска отговорност)
Друг автор Гранитски, Иван
Пълното име на др. автор Димитров, Иван Йорданов
Дати, свързани с автора 1953-
Друга информация Журналист, литературен критик, теоретик и историк, поет, публицист и издател.
Авт. отговорност на др. автор ред.
9 (RLIN) 55767
852 ## - Местоположение
Сигнатура (форматна) Цб 221641
Отдел Хранилище
852 ## - Местоположение
Отдел Заемна - подръчен фонд
Систематично-азбучна сигнатура 821.163.2-4/К 29 Л
942 ## - АРТИКУЛИ
Вид на библиотечния документ Книги
Скрит в OPAC Не
Периодичен библиозапис Да
944 ## - СЪЗДАВАНЕ И РЕДАКЦИЯ на ЗАПИСА
Създаване/Редакция Създаване
Дата на регистрацията/редакция 11.11.2004
Номер на служител CRON CRON
Служител, извършил регистрацията/редакцията
999 ## - СИСТЕМНИ КОНТРОЛНИ НОМЕРА
Koha biblionumber 110824
Koha biblioitemnumber 110824
Наличности
Код за отписване Код за изгубен артикул Код за повреда Коз за рестрикции Код за отдаване Артикулен № Име на библиотеката - собственик Име на библиотеката, в която се намира в момента Статус (Текущо местоположение) Дата на вписване в системата Местоположение - отдел Цена в лева Инвентарен номер Систематично азбучна сигнатура Баркод Номер на екземпляра Цена в евро Служебна бележка Служебен тип на артикула Източник на класификационната схема
  Не е изгубен Не е повреден без рестрикции ползва се в читалня 178162 Регионална библиотека "Любен Каравелов" Русе Регионална библиотека "Любен Каравелов" Русе Хранилище 2004-11-11 Хранилище 6.00 120000690016 Цб 221641 120000690016 1 3.07 Дост: Dp Вид: Д N: 5 Дата: 21.01.2004 Книги  
  Не е изгубен Не е повреден   заемане за дома 944247 Регионална библиотека "Любен Каравелов" Русе Регионална библиотека "Любен Каравелов" Русе Заемна - подръчен фонд 2024-06-13 Заемна - подръчен фонд 6.00 120000909281 821.163.2-4/К 29 Л 120000909281   3.07   Книги Universal Decimal Classification
Vip Innovations Ltd, Rousse, Bulgaria 2025